| 000 | 00621nam a22001937a 4500 | ||
|---|---|---|---|
| 003 | OSt | ||
| 005 | 20251024004358.0 | ||
| 008 | 251001b |||||||| |||| 00| 0 eng d | ||
| 020 | _a978-0-470-18086-0. | ||
| 040 |
_aDWCL-Main lib _cOC |
||
| 082 | _aCirc. 378.111 B936e 2007 | ||
| 100 | _aBuller, Jeffrey L. | ||
| 245 |
_aThe essential academic dean : _ba practical guide to college leadership |
||
| 260 |
_aSan Francisco, Ca. : _bJossey-Bass, _cc2007. |
||
| 300 |
_avii, 431 pages ; _c23 cm. |
||
| 650 | _21. Deans (Education). | ||
| 650 | _22. Universities and colleges-Administration. | ||
| 942 |
_2ddc _cBK-CIRC _kCirc. _n0 |
||
| 999 |
_c4609 _d4609 |
||